[Event "Bavaria-ch 94th"]
[Site "Rosenheim"]
[Date "2023.08.24"]
[Round "6"]
[White "Gold, Florian"]
[Black "Brunner, Tobias"]
[Result "1/2-1/2"]
[WhiteElo "1851"]
[BlackElo "1999"]
[PlyCount "37"]
[EventDate "2023.08.20"]
[EventType "tourn"]
[EventRounds "9"]
[EventCountry "GER"]
[SourceTitle "CBM 215 Extra"]
[Source "ChessBase"]
[SourceDate "2023.09.30"]
[SourceVersion "1"]
[SourceVersionDate "2023.09.30"]
[SourceQuality "1"]

1. d4 Nf6 2. c4 e6 3. Nc3 d5 4. cxd5 exd5 5. Bg5 Be7 6. e3 0-0 7. Bd3 c6 8. Nge2 Re8 9. 0-0 Nbd7 10. f3 Nf8 11. Qc2 Ng6 12. Rad1 b6 13. h3 Nh5 14. Bxg6 hxg6 15. Bxe7 Qxe7 16. e4 Ba6 17. e5 g5 18. Rfe1 g6 19. Qa4 1/2-1/2

[Event "Bavaria-ch 94th"]
[Site "Rosenheim"]
[Date "2023.08.22"]
[Round "3"]
[White "Schatz, Christian"]
[Black "Gold, Florian"]
[Result "1-0"]
[WhiteElo "2153"]
[BlackElo "1851"]
[PlyCount "155"]
[EventDate "2023.08.20"]
[EventType "tourn"]
[EventRounds "9"]
[EventCountry "GER"]
[SourceTitle "CBM 215 Extra"]
[Source "ChessBase"]
[SourceDate "2023.09.30"]
[SourceVersion "1"]
[SourceVersionDate "2023.09.30"]
[SourceQuality "1"]

1. Nf3 Nf6 2. c4 e6 3. g3 d5 4. b3 d4 5. Bg2 c5 6. b4 cxb4 7. a3 Nc6 8. 0-0 Bc5 9. axb4 Bxb4 10. Ba3 Bxa3 11. Nxa3 0-0 12. d3 e5 13. Qb3 Qe7 14. Rfb1 Nd7 15. Nc2 Rd8 16. Qa3 Qxa3 17. Rxa3 a6 18. Nb4 Nxb4 19. Rxb4 Rb8 20. Ng5 b6 21. Bd5 Nc5 22. Bxf7+ Kf8 23. Bd5 h6 24. Nf3 Re8 25. Nd2 Ke7 26. Nb3 Kd6 27. Ra2 Bd7 28. Nd2 a5 29. Rb1 Bf5 30. f3 g5 31. g4 Bh7 32. Nb3 Na6 33. Rab2 Nb4 34. Nd2 Rec8 35. Be4 Bxe4 36. Nxe4+ Ke7 37. Ra1 Ra8 38. Kf2 Ke6 39. h4 gxh4 40. Rh1 Rc6 41. Rxh4 Kf7 42. Rh5 Re8 43. Rb1 Nc2 44. Rbh1 a4 45. Rc1 Nb4 46. Rb1 Nc2 47. Rb2 Ne3 48. Ra2 Ra8 49. Rxe5 a3 50. Rb5 Ra4 51. Rb1 h5 52. gxh5 Rh6 53. Ng3 Rh8 54. Nf1 Nxf1 55. Kxf1 Ra6 56. Rb5 Rd8 57. Ke1 Kg7 58. Kd2 Kh6 59. Kc2 Re8 60. Kb3 Ra5 61. Rxb6+ Kxh5 62. Rb5+ Rxb5+ 63. cxb5 Kg5 64. Kxa3 Kf4 65. Kb4 Re6 66. Kc5 Re5+ 67. Kc4 Ke3 68. b6 Re6 69. Rb2 Re8 70. b7 Rb8 71. Kd5 Rd8+ 72. Kc6 Rb8 73. Kc7 Rh8 74. b8Q Rh7+ 75. Kb6 Rh2 76. Qe5+ Kf2 77. Qxh2+ Ke1 78. Qg1# 1-0

[Event "GER-ch U25-A"]
[Site "Willingen"]
[Date "2023.06.01"]
[Round "7"]
[White "Stork, Christopher"]
[Black "Gold, Florian"]
[Result "1-0"]
[WhiteElo "2035"]
[BlackElo "1841"]
[PlyCount "53"]
[EventDate "2023.05.27"]
[EventType "swiss"]
[EventRounds "9"]
[EventCountry "GER"]
[SourceTitle "CBM 214 Extra"]
[Source "ChessBase"]
[SourceDate "2023.07.31"]
[SourceVersion "1"]
[SourceVersionDate "2023.07.31"]
[SourceQuality "1"]

1. e4 e6 2. d4 d5 3. Nd2 Be7 4. e5 c5 5. c3 cxd4 6. cxd4 Qb6 7. Ngf3 Nh6 8. Bd3 Nc6 9. 0-0 0-0 10. Nb3 Nf5 11. g4 Nh4 12. Nxh4 Bxh4 13. g5 h6 14. gxh6 f5 15. exf6 Bxf6 16. Be3 gxh6 17. Qh5 Ne7 18. Kh1 Nf5 19. Bxf5 exf5 20. Rg1+ Bg7 21. Bxh6 Rf7 22. Bxg7 Rxg7 23. Qe8+ Kh7 24. Rxg7+ Kxg7 25. Rg1+ Kh7 26. Qg8+ Kh6 27. Qh8# 1-0

[Event "GER-ch U25-A"]
[Site "Willingen"]
[Date "2023.05.31"]
[Round "6"]
[White "Gold, Florian"]
[Black "Melde, Benjamin"]
[Result "1/2-1/2"]
[WhiteElo "1841"]
[BlackElo "2135"]
[PlyCount "71"]
[EventDate "2023.05.27"]
[EventType "swiss"]
[EventRounds "9"]
[EventCountry "GER"]
[SourceTitle "CBM 214 Extra"]
[Source "ChessBase"]
[SourceDate "2023.07.31"]
[SourceVersion "1"]
[SourceVersionDate "2023.07.31"]
[SourceQuality "1"]

1. d4 Nf6 2. c4 g6 3. Nc3 Bg7 4. e4 0-0 5. Be2 d6 6. Bg5 c5 7. d5 h6 8. Be3 e5 9. Qd2 Kh7 10. f3 Nh5 11. g4 Nf4 12. Bxf4 exf4 13. Qxf4 f5 14. exf5 gxf5 15. Bd3 Re8+ 16. Nge2 Be5 17. Bxf5+ Kg7 18. Qd2 Qh4+ 19. Kd1 Bxf5 20. gxf5 Kh7 21. Qd3 Nd7 22. Kc2 Bf6 23. f4 Re7 24. Qg3 Qh5 25. Qg6+ Qxg6 26. fxg6+ Kxg6 27. Rhg1+ Kh7 28. Ng3 Bxc3 29. Kxc3 Rf8 30. Rae1 Ref7 31. Nh5 Nf6 32. Nxf6+ Rxf6 33. Re7+ R8f7 34. Rxf7+ Rxf7 35. Rf1 Kg6 36. Kd3 1/2-1/2

[Event "GER-ch U25-A"]
[Site "Willingen"]
[Date "2023.05.30"]
[Round "4"]
[White "Gold, Florian"]
[Black "Meyer, Emil"]
[Result "1-0"]
[WhiteElo "1841"]
[BlackElo "1825"]
[PlyCount "117"]
[EventDate "2023.05.27"]
[EventType "swiss"]
[EventRounds "9"]
[EventCountry "GER"]
[SourceTitle "CBM 214 Extra"]
[Source "ChessBase"]
[SourceDate "2023.07.31"]
[SourceVersion "1"]
[SourceVersionDate "2023.07.31"]
[SourceQuality "1"]

1. d4 d5 2. c4 dxc4 3. Nf3 Nf6 4. e3 e6 5. Bxc4 c5 6. 0-0 a6 7. Bb3 b5 8. a4 Bb7 9. axb5 axb5 10. Rxa8 Bxa8 11. Qe2 Qb6 12. dxc5 Bxc5 13. Nc3 b4 14. Na4 Qa6 15. Bc4 Qa7 16. Bb5+ Nbd7 17. Nxc5 Qxc5 18. Bd2 Bxf3 19. gxf3 0-0 20. Rc1 Qh5 21. Kg2 Rb8 22. Bxd7 Nxd7 23. Qa6 Qg5+ 24. Kf1 Qb5+ 25. Qxb5 Rxb5 26. Rc8+ Nf8 27. b3 f6 28. Rc4 Rh5 29. Bxb4 Ng6 30. Rc8+ Kf7 31. Rc7+ Kg8 32. Rc8+ Kf7 33. Rc7+ Kg8 34. Bd6 Rd5 35. Bc5 Ne5 36. Ke2 Nd3 37. Bd4 Nb4 38. Rc4 Rb5 39. Kd2 Kf7 40. e4 Rb7 41. Bc3 Na2 42. Kc2 Nxc3 43. Kxc3 e5 44. b4 Ra7 45. Kb3 Ke6 46. b5 Kd6 47. Rc6+ Kd7 48. Rc2 Kd6 49. Kb4 Ra1 50. b6 Rb1+ 51. Ka5 Ra1+ 52. Kb5 Rb1+ 53. Ka6 Ra1+ 54. Kb7 Ra3 55. Kb8 Kd7 56. b7 Kd8 57. Rd2+ Ke7 58. Rd5 Rxf3 59. Kc7 1-0

[Event "GER-ch U25-A"]
[Site "Willingen"]
[Date "2023.05.28"]
[Round "2"]
[White "Gold, Florian"]
[Black "Ruddat, Jarne"]
[Result "1-0"]
[WhiteElo "1841"]
[BlackElo "1846"]
[PlyCount "65"]
[EventDate "2023.05.27"]
[EventType "swiss"]
[EventRounds "9"]
[EventCountry "GER"]
[SourceTitle "CBM 214 Extra"]
[Source "ChessBase"]
[SourceDate "2023.07.31"]
[SourceVersion "1"]
[SourceVersionDate "2023.07.31"]
[SourceQuality "1"]

1. d4 Nf6 2. c4 g6 3. Nc3 d5 4. cxd5 Nxd5 5. e4 Nxc3 6. bxc3 Bg7 7. Nf3 0-0 8. Be2 Bg4 9. 0-0 c5 10. Be3 Nc6 11. d5 Na5 12. Bxc5 Bxc3 13. Rc1 Bg7 14. Re1 b6 15. Bb4 Nb7 16. h3 Bxf3 17. Bxf3 Be5 18. Qd2 Nd6 19. Bg4 h5 20. Bd1 Rc8 21. f4 Bd4+ 22. Kh1 Rxc1 23. Qxc1 Qc8 24. Qd2 Bc5 25. Bc3 Nb5 26. Ba1 Qc7 27. Rf1 Kh7 28. f5 Qc8 29. Qg5 Nd4 30. Bxh5 gxh5 31. Qxh5+ Kg7 32. Qg5+ Kh7 33. Rf4 1-0

[Event "GER-ch U25-A"]
[Site "Willingen"]
[Date "2023.05.28"]
[Round "1"]
[White "Moeller, Tom"]
[Black "Gold, Florian"]
[Result "1-0"]
[WhiteElo "1417"]
[BlackElo "1841"]
[PlyCount "101"]
[EventDate "2023.05.27"]
[EventType "swiss"]
[EventRounds "9"]
[EventCountry "GER"]
[SourceTitle "CBM 214 Extra"]
[Source "ChessBase"]
[SourceDate "2023.07.31"]
[SourceVersion "1"]
[SourceVersionDate "2023.07.31"]
[SourceQuality "1"]

1. d4 Nf6 2. Nc3 d5 3. Bf4 a6 4. e3 e6 5. Nf3 c5 6. dxc5 Bxc5 7. Bd3 Nc6 8. 0-0 Bd6 9. Bxd6 Qxd6 10. e4 d4 11. Ne2 e5 12. Nd2 Be6 13. f4 Ng4 14. Qc1 exf4 15. Nxf4 g5 16. h3 Ne3 17. Nxe6 Nxf1 18. Ng7+ Kf8 19. Nf5 Qh2+ 20. Kxf1 g4 21. Nc4 h5 22. hxg4 hxg4 23. Qg5 Rh7 24. Re1 Re8 25. Nxd4 Qg3 26. Qc5+ Kg8 27. Ne2 Rh1+ 28. Ng1 Rxg1+ 29. Qxg1 Re6 30. Qf2 Qh2 31. Ke2 g3 32. Qg1 Qh5+ 33. Kd2 b5 34. Ne3 Qe5 35. Kc1 Nb4 36. a3 Nxd3+ 37. cxd3 b4 38. Nc4 Rc6 39. axb4 Qb5 40. Qe3 Qxb4 41. Qxg3+ Rg6 42. Qe3 Qa4 43. Kb1 a5 44. Rf1 Rxg2 45. Rg1 Qc2+ 46. Ka1 a4 47. Rxg2+ Qxg2 48. Qd2 Qg3 49. Ne3 Qb8 50. Nf5 f6 51. Qg2+ 1-0

[Event "Mittelfrank Regionalliga Nord-Ost 2122"]
[Site "Mittelfranken"]
[Date "2021.11.14"]
[Round "2.2"]
[White "Merkel, Luis"]
[Black "Gold, Florian"]
[Result "1-0"]
[WhiteElo "2064"]
[BlackElo "1930"]
[PlyCount "71"]
[EventDate "2021.10.24"]
[EventType "team-tourn"]
[EventRounds "9"]
[EventCountry "GER"]
[SourceTitle "EXT 2024"]
[Source "ChessBase"]
[SourceDate "2023.10.10"]
[SourceVersion "1"]
[SourceVersionDate "2023.10.10"]
[SourceQuality "1"]
[WhiteTeam "Buechenbach/Roth"]
[BlackTeam "Kelheim II"]
[WhiteTeamCountry "GER"]
[BlackTeamCountry "GER"]

1. d4 f5 2. e4 fxe4 3. Nc3 Nf6 4. Bg5 c6 5. f3 Qa5 6. Qd2 e5 7. dxe5 Qxe5 8. 0-0-0 Bb4 9. Bxf6 Qxf6 10. fxe4 Bxc3 11. bxc3 b5 12. Nf3 b4 13. Qd4 bxc3 14. e5 Qe7 15. Qxc3 Ba6 16. Bxa6 Nxa6 17. e6 0-0 18. Rxd7 Rxf3 19. gxf3 Qg5+ 20. Qd2 Qf6 21. Qd4 Qxd4 22. Rxd4 Re8 23. Re1 Nc7 24. e7 Nd5 25. Ra4 Kf7 26. Rxa7 g5 27. Rd7 h5 28. Rd8 Rxe7 29. Rxe7+ Kxe7 30. Rc8 Nc3 31. Rxc6 Ne2+ 32. Kd2 Nd4 33. Rc3 g4 34. fxg4 hxg4 35. Rg3 Nf3+ 36. Rxf3 1-0

[Event "GER-chT Christmas U20"]
[Site "Playchess.com INT"]
[Date "2020.12.29"]
[Round "6.3"]
[White "Doll, Alexander"]
[Black "Gold, Florian"]
[Result "1-0"]
[WhiteElo "2136"]
[BlackElo "1769"]
[PlyCount "65"]
[EventDate "2020.12.29"]
[EventType "team-swiss (blitz)"]
[EventRounds "7"]
[EventCountry "GER"]
[SourceTitle "CBM 200 Extra"]
[Source "ChessBase"]
[SourceDate "2021.03.31"]
[SourceVersion "1"]
[SourceVersionDate "2021.03.31"]
[SourceQuality "1"]
[WhiteTeam "Baden-Baden"]
[BlackTeam "Kelheim"]
[WhiteTeamCountry "GER"]
[BlackTeamCountry "GER"]

1. e4 e5 2. Nf3 Nc6 3. Bc4 Nf6 4. d3 Bc5 5. 0-0 d6 6. c3 a6 7. Bb3 h6 8. Nbd2 g5 9. Nc4 Be6 10. Be3 Bxe3 11. Nxe3 Qd7 12. Ba4 g4 13. Nh4 0-0-0 14. d4 exd4 15. cxd4 d5 16. e5 Ne4 17. Rc1 b5 18. Bc2 f5 19. Bxe4 fxe4 20. Ng6 Rhg8 21. Nf4 Nb8 22. Qc2 c6 23. a4 Rdf8 24. Nxe6 Qxe6 25. axb5 axb5 26. Qc5 Kb7 27. Ra1 Na6 28. Rxa6 Kxa6 29. Ra1+ Kb7 30. Ra7+ Kc8 31. Qb6 Rf7 32. Ra8+ Kd7 33. Qb7# 1-0

[Event "GER-chT Christmas U20"]
[Site "Playchess.com INT"]
[Date "2020.12.29"]
[Round "4.3"]
[White "Koll, Linus"]
[Black "Gold, Florian"]
[Result "1-0"]
[WhiteElo "1963"]
[BlackElo "1769"]
[PlyCount "63"]
[EventDate "2020.12.29"]
[EventType "team-swiss (blitz)"]
[EventRounds "7"]
[EventCountry "GER"]
[SourceTitle "CBM 200 Extra"]
[Source "ChessBase"]
[SourceDate "2021.03.31"]
[SourceVersion "1"]
[SourceVersionDate "2021.03.31"]
[SourceQuality "1"]
[WhiteTeam "Karlsruhe"]
[BlackTeam "Kelheim"]
[WhiteTeamCountry "GER"]
[BlackTeamCountry "GER"]

1. e4 e5 2. Nf3 Nc6 3. c3 f5 4. d4 d6 5. dxe5 dxe5 6. Qxd8+ Kxd8 7. exf5 Bxf5 8. Bb5 e4 9. Bxc6 bxc6 10. Nd4 Bd7 11. Bg5+ Nf6 12. Nd2 c5 13. N4b3 Bc6 14. Be3 Rb8 15. 0-0-0 Nd7 16. Rhe1 Bd6 17. Bg5+ Kc8 18. Nxe4 Bxe4 19. Rxe4 h6 20. Bf4 Nf6 21. Rc4 Bxf4+ 22. Rxf4 Re8 23. Nxc5 Re2 24. b3 Rxa2 25. Kb1 Ra5 26. Rc4 Rab5 27. Kc2 a5 28. Ne6 Kb7 29. Nxc7 Rc8 30. Nxb5 Rxc4 31. Nd6+ Kc6 32. Nxc4 1-0

[Event "GER-chT Christmas U20"]
[Site "Playchess.com INT"]
[Date "2020.12.29"]
[Round "2.3"]
[White "Steinhauer, Artur"]
[Black "Gold, Florian"]
[Result "1-0"]
[WhiteElo "1462"]
[BlackElo "1769"]
[PlyCount "103"]
[EventDate "2020.12.29"]
[EventType "team-swiss (blitz)"]
[EventRounds "7"]
[EventCountry "GER"]
[SourceTitle "CBM 200 Extra"]
[Source "ChessBase"]
[SourceDate "2021.03.31"]
[SourceVersion "1"]
[SourceVersionDate "2021.03.31"]
[SourceQuality "1"]
[WhiteTeam "Regensburg Bavaria"]
[BlackTeam "Kelheim"]
[WhiteTeamCountry "GER"]
[BlackTeamCountry "GER"]

1. e4 e5 2. Nf3 Nc6 3. Nc3 Nf6 4. Nxe5 Nxe5 5. d4 Nc6 6. e5 Ng8 7. Bc4 d5 8. Bxd5 Bb4 9. Qf3 Qd7 10. 0-0 Nxd4 11. Qe4 Bxc3 12. Bxb7 Bxb7 13. Qxb7 Rd8 14. bxc3 Ne2+ 15. Kh1 Ne7 16. Bg5 Nxc3 17. Bxe7 Qxe7 18. Qc6+ Rd7 19. Qxc3 0-0 20. Rad1 Rfd8 21. Rxd7 Rxd7 22. h3 h6 23. Kh2 Rd5 24. f4 Rc5 25. Qd3 Qe6 26. a3 Qc6 27. Qd8+ Kh7 28. Qd3+ Kg8 29. Rf3 Rxc2 30. Rg3 Rc1 31. Qd8+ Kh7 32. Qf8 g5 33. Qxf7+ Kh8 34. Qf8+ Kh7 35. Qf7+ Kh8 36. fxg5 hxg5 37. Rxg5 Rh1+ 38. Kxh1 Qc1+ 39. Kh2 Qxg5 40. Qf6+ Qxf6 41. exf6 c5 42. Kg1 Kg8 43. Kf2 Kf7 44. Ke2 Kxf6 45. Kd3 Ke5 46. Kc4 Kd6 47. g4 a5 48. h4 a4 49. h5 Ke6 50. h6 Kf6 51. g5+ Kg6 52. Kxc5 1-0

[Event "DSOL 01 Liga Gr-C 1st"]
[Site "Playchess.com INT"]
[Date "2020.08.06"]
[Round "7.3"]
[White "Khachatryan, Taron"]
[Black "Gold, Florian"]
[Result "1/2-1/2"]
[WhiteElo "2064"]
[BlackElo "1813"]
[PlyCount "137"]
[EventDate "2020.06.22"]
[EventType "team-tourn (rapid)"]
[EventCountry "GER"]
[SourceTitle "EXT 2021"]
[Source "ChessBase"]
[SourceDate "2020.10.23"]
[SourceVersion "1"]
[SourceVersionDate "2020.10.23"]
[SourceQuality "1"]
[WhiteTeam "Norderstedt II"]
[BlackTeam "Kelheim"]
[WhiteTeamCountry "GER"]
[BlackTeamCountry "GER"]

1. d4 f5 2. Nc3 Nf6 3. Bg5 d5 4. e3 e6 5. Bd3 Be7 6. Nge2 0-0 7. f3 c5 8. dxc5 Bxc5 9. Qd2 e5 10. e4 dxe4 11. fxe4 f4 12. Bc4+ Kh8 13. Qxd8 Rxd8 14. Nd5 Nxd5 15. 0-0-0 Rf8 16. Bxd5 Nc6 17. h3 h6 18. Bh4 Be3+ 19. Kb1 g5 20. Be1 Bd7 21. Bc3 Rfe8 22. Ng1 Bxg1 23. Rhxg1 Kg7 24. g3 Kf6 25. gxf4 gxf4 26. Rdf1 Ke7 27. Rg7+ Kd8 28. Rd1 Kc8 29. h4 h5 30. Bf7 Re7 31. Rg8+ Nd8 32. Bxh5 Kc7 33. Bb4 Rh7 34. Rg5 Nc6 35. Bd6+ Kb6 36. Bf3 Nd4 37. Bg2 f3 38. Bh1 Rxh4 39. Bxe5 Ne6 40. Rg6 Rxe4 41. Bc3 Bc6 42. Bxf3 Re3 43. Bxc6 Kxc6 44. a4 Kc7 45. Rh1 Rd8 46. Rhh6 Nc5 47. Rg7+ Rd7 48. Rxd7+ Kxd7 49. a5 Re4 50. b3 Kc7 51. Kb2 b6 52. Rh7+ Kb8 53. Rh5 Kb7 54. b4 Na4+ 55. Kb3 Re3 56. Kxa4 Rxc3 57. Rh7+ Kb8 58. axb6 axb6 59. Kb5 Rxc2 60. Kxb6 Rc8 61. b5 Rg8 62. Ka6 Rg6+ 63. b6 Rg8 64. Rf7 Rh8 65. Rb7+ Ka8 66. Rd7 Kb8 67. Rb7+ Ka8 68. Rd7 Kb8 69. Rb7+ 1/2-1/2

[Event "Landesliga Nord U20 1819"]
[Site "Bayern"]
[Date "2019.01.26"]
[Round "5.3"]
[White "Gold, Florian"]
[Black "Zeltner, Richard"]
[Result "0-1"]
[WhiteElo "1814"]
[BlackElo "1639"]
[PlyCount "110"]
[EventDate "2018.11.17"]
[EventType "team-tourn"]
[EventRounds "7"]
[EventCountry "GER"]
[SourceTitle "EXT 2022"]
[Source "ChessBase"]
[SourceDate "2021.10.06"]
[SourceVersion "1"]
[SourceVersionDate "2021.10.06"]
[SourceQuality "1"]
[WhiteTeam "Kelheim SK U20"]
[BlackTeam "Erlangen SC U20"]
[WhiteTeamCountry "GER"]
[BlackTeamCountry "GER"]

1. e4 e5 2. Nf3 Nc6 3. Bc4 Bc5 4. d3 Nf6 5. Nc3 d6 6. h3 h6 7. Be3 Bb6 8. Ne2 0-0 9. c3 Be6 10. Bb5 Re8 11. 0-0 a6 12. Ba4 Ba7 13. Ng3 b5 14. Bc2 d5 15. Bxa7 Rxa7 16. d4 dxe4 17. Nxe4 exd4 18. cxd4 Bd5 19. Nxf6+ Qxf6 20. Re1 Raa8 21. Qd3 g6 22. Ne5 Nxe5 23. dxe5 Rxe5 24. Rad1 Rae8 25. Rxe5 Rxe5 26. Qc3 c6 27. Bb3 Bxb3 28. axb3 c5 29. Rd5 Re6 30. Qxf6 Rxf6 31. Rxc5 Rd6 32. Rc8+ Kg7 33. Ra8 Rd1+ 34. Kh2 Rb1 35. Rxa6 Rxb2 36. f3 Rxb3 37. Rb6 Rb1 38. h4 b4 39. Kg3 b3 40. Kh2 b2 41. Kg3 Kf8 42. Rb7 Ke8 43. Kh2 Kd8 44. Kg3 Kc8 45. Rb3 Kc7 46. Rb4 Kc6 47. Rb3 Kd5 48. Rb8 Kd4 49. Rd8+ Kc3 50. Rc8+ Kd2 51. Rd8+ Ke1 52. Re8+ Kf1 53. Rb8 Kg1 54. Rb7 f5 55. f4 Rc1 0-1

[Event "Landesliga Nord U20 1819"]
[Site "Bayern"]
[Date "2018.12.08"]
[Round "3.3"]
[White "Lichtinger, Simon"]
[Black "Gold, Florian"]
[Result "0-1"]
[WhiteElo "1276"]
[BlackElo "1814"]
[PlyCount "77"]
[EventDate "2018.11.17"]
[EventType "team-tourn"]
[EventRounds "7"]
[EventCountry "GER"]
[SourceTitle "EXT 2022"]
[Source "ChessBase"]
[SourceDate "2021.10.06"]
[SourceVersion "1"]
[SourceVersionDate "2021.10.06"]
[SourceQuality "1"]
[WhiteTeam "Ergolding FC U20 II"]
[BlackTeam "Kelheim SK U20"]
[WhiteTeamCountry "GER"]
[BlackTeamCountry "GER"]

1. e4 e5 2. Nf3 Nc6 3. Bc4 Nf6 4. Ng5 d5 5. exd5 Na5 6. Bb5+ c6 7. dxc6 bxc6 8. Be2 h6 9. Nf3 e4 10. Ne5 Bd6 11. f4 exf3 12. Nxf3 0-0 13. 0-0 Qc7 14. h3 Nd5 15. d4 Nf4 16. Bxf4 Bxf4 17. Kh1 Nb7 18. Bd3 Re8 19. Re1 Bd7 20. Nbd2 Bg3 21. Re2 Rxe2 22. Qxe2 Re8 23. Qf1 Nd6 24. Nc4 Nxc4 25. Bxc4 Be6 26. Bxe6 Rxe6 27. Rd1 Qe7 28. Rd2 g5 29. Rd1 Re2 30. Rd2 Re6 31. Rd1 h5 32. c3 g4 33. Ne5 f6 34. Ng6 Qe8 35. Qc4 Kg7 36. Rb1 Re1+ 37. Qf1 Rxf1+ 38. Rxf1 Kxg6 39. Rd1 0-1

[Event "Regensburg Donau Cup 2nd"]
[Site "Regensburg"]
[Date "2018.05.13"]
[Round "7"]
[White "Gold, Florian"]
[Black "Eisenschmid, Oliver"]
[Result "1/2-1/2"]
[WhiteElo "1546"]
[BlackElo "1546"]
[PlyCount "33"]
[EventDate "2018.05.09"]
[EventType "swiss"]
[EventRounds "7"]
[EventCountry "GER"]
[SourceTitle "CBM 184 Extra"]
[Source "ChessBase"]
[SourceDate "2018.06.28"]
[SourceVersion "1"]
[SourceVersionDate "2018.06.28"]
[SourceQuality "1"]

1. e4 c5 2. Nc3 Nc6 3. g3 g6 4. Bg2 Bg7 5. d3 e6 6. Nge2 Nge7 7. Bd2 0-0 8. Qc1 d5 9. exd5 exd5 10. Bh6 Bxh6 11. Qxh6 Be6 12. h4 Nf5 13. Qd2 d4 14. Ne4 Bd5 15. Nf4 Bxe4 16. Bxe4 Nd6 17. Bxc6 1/2-1/2

[Event "Landesliga Nord 1718"]
[Site "Bayern"]
[Date "2018.04.15"]
[Round "9.8"]
[White "Hassa, Marcus"]
[Black "Gold, Florian"]
[Result "1-0"]
[WhiteElo "1925"]
[BlackElo "1540"]
[PlyCount "59"]
[EventDate "2017.10.22"]
[EventType "team-tourn"]
[EventRounds "9"]
[EventCountry "GER"]
[SourceTitle "EXT 2022"]
[Source "ChessBase"]
[SourceDate "2021.10.06"]
[SourceVersion "1"]
[SourceVersionDate "2021.10.06"]
[SourceQuality "1"]
[WhiteTeam "Bindlach Aktionaer II"]
[BlackTeam "Kelheim SK"]
[WhiteTeamCountry "GER"]
[BlackTeamCountry "GER"]

1. e4 e5 2. f4 d5 3. exd5 e4 4. d3 e3 5. Bxe3 Nf6 6. Nc3 Bb4 7. Nf3 Qe7 8. Qe2 0-0 9. Bd2 Qd6 10. 0-0-0 Bxc3 11. Bxc3 Qxf4+ 12. Qd2 Qa4 13. Bxf6 gxf6 14. Kb1 Kg7 15. Re1 Re8 16. Rxe8 Qxe8 17. h3 Bf5 18. g4 Bg6 19. h4 h6 20. Bg2 Nd7 21. Re1 Qf8 22. Qe3 Qb4 23. Nd4 Ne5 24. g5 Re8 25. gxf6+ Kh7 26. Be4 Rg8 27. h5 Ng4 28. hxg6+ fxg6 29. Qg1 Nxf6 30. Ne6 1-0

[Event "Oberpfalz-ch M2"]
[Site "Bad Koetzting"]
[Date "2018.03.27"]
[Round "7"]
[White "Gold, Florian"]
[Black "Piehler, Sebastian"]
[Result "1/2-1/2"]
[WhiteElo "1595"]
[BlackElo "1328"]
[PlyCount "33"]
[EventDate "2018.03.24"]
[EventType "swiss"]
[EventRounds "8"]
[EventCountry "GER"]
[SourceTitle "EXT 2020"]
[Source "ChessBase"]
[SourceDate "2019.10.17"]
[SourceVersion "1"]
[SourceVersionDate "2019.10.17"]
[SourceQuality "1"]

1. e4 c5 2. Nc3 e6 3. g3 d5 4. exd5 exd5 5. Bg2 Nf6 6. d3 Be6 7. Nge2 Nc6 8. Nf4 Qd7 9. 0-0 d4 10. Ne4 Nxe4 11. Bxe4 Be7 12. Nxe6 Qxe6 13. Re1 Qf6 14. h4 h6 15. Qh5 g6 16. Bxc6+ Qxc6 17. Qg4 1/2-1/2

[Event "Bayernliga U20 1718"]
[Site "Bayern"]
[Date "2018.03.10"]
[Round "6.3"]
[White "Lohr, Maximilian"]
[Black "Gold, Florian"]
[Result "1-0"]
[WhiteElo "1901"]
[BlackElo "1540"]
[PlyCount "87"]
[EventDate "2017.11.18"]
[EventType "team-tourn"]
[EventRounds "7"]
[EventCountry "GER"]
[SourceTitle "EXT 2022"]
[Source "ChessBase"]
[SourceDate "2021.10.06"]
[SourceVersion "1"]
[SourceVersionDate "2021.10.06"]
[SourceQuality "1"]
[WhiteTeam "Ergolding FC U20"]
[BlackTeam "Kelheim SK U20"]
[WhiteTeamCountry "GER"]
[BlackTeamCountry "GER"]

1. e4 e5 2. Nf3 Nc6 3. d4 exd4 4. Bc4 Nf6 5. 0-0 d6 6. Nxd4 Be7 7. Nc3 h6 8. f4 Bg4 9. Qd2 0-0 10. h3 Bh5 11. g4 Bg6 12. Nf5 Bxf5 13. exf5 Qd7 14. Qg2 Kh8 15. Be3 Na5 16. Bb5 c6 17. Bd3 d5 18. g5 Nh7 19. h4 d4 20. Bd2 Bb4 21. a3 dxc3 22. axb4 cxd2 23. bxa5 c5 24. Kh2 Qd4 25. b3 Qc3 26. f6 gxf6 27. Qe4 f5 28. Qxf5 Qg7 29. Qxc5 Rfe8 30. Qf5 Nf8 31. Rg1 Re7 32. Rad1 Qc3 33. gxh6 Rae8 34. Rg2 a6 35. Rdxd2 Ng6 36. h5 Nf8 37. Rdf2 f6 38. Rg7 Rxg7 39. hxg7+ Kxg7 40. Rg2+ Kh8 41. Bc4 Nh7 42. Qg6 Ng5 43. Qh6+ Nh7 44. Qg7# 1-0

[Event "Bayernliga U20 1718"]
[Site "Bayern"]
[Date "2017.12.02"]
[Round "2.3"]
[White "Gold, Florian"]
[Black "Volkovski, Reinhold"]
[Result "1-0"]
[WhiteElo "1540"]
[BlackElo "1802"]
[PlyCount "143"]
[EventDate "2017.11.18"]
[EventType "team-tourn"]
[EventRounds "7"]
[EventCountry "GER"]
[SourceTitle "EXT 2022"]
[Source "ChessBase"]
[SourceDate "2021.10.06"]
[SourceVersion "1"]
[SourceVersionDate "2021.10.06"]
[SourceQuality "1"]
[WhiteTeam "Kelheim SK U20"]
[BlackTeam "Nuernberg Noris Tarrasch U20"]
[WhiteTeamCountry "GER"]
[BlackTeamCountry "GER"]

1. e4 d6 2. d4 e5 3. dxe5 dxe5 4. Qxd8+ Kxd8 5. Nf3 f6 6. Bc4 Nd7 7. Be3 Bc5 8. Bxc5 Nxc5 9. Nc3 c6 10. 0-0-0+ Kc7 11. Rd2 Be6 12. Bxe6 Nxe6 13. Rhd1 Rd8 14. Rxd8 Nxd8 15. Na4 Ne6 16. b4 Nh6 17. Nc5 Nxc5 18. bxc5 Nf7 19. Nd2 Rd8 20. Nb3 Rxd1+ 21. Kxd1 Ng5 22. f3 Ne6 23. Kd2 b5 24. cxb6+ Kxb6 25. c3 Kb5 26. Kc2 Ka4 27. Kb2 Nf4 28. g3 Nd3+ 29. Kb1 c5 30. Nd2 Kb5 31. Kc2 c4 32. Kb1 a6 33. Kc2 g6 34. g4 Nc5 35. Kd1 Na4 36. Kc2 Nb6 37. Kd1 a5 38. Kc2 Nc8 39. Kd1 Nd6 40. Kc2 Kc5 41. h4 f5 42. exf5 gxf5 43. g5 e4 44. fxe4 fxe4 45. h5 e3 46. Nf3 Nf5 47. g6 hxg6 48. hxg6 Kd5 49. Kd1 Ke6 50. Nh2 Ke5 51. Ke2 Kf4 52. Nf1 Kg5 53. Nxe3 Kxg6 54. Nxf5 Kxf5 55. Ke3 Ke5 56. a4 Kd5 57. Kf4 Kc5 58. Ke5 Kc6 59. Kd4 Kd6 60. Kxc4 Kc6 61. Kd4 Kd6 62. c4 Kc6 63. c5 Kc7 64. Kd5 Kd7 65. c6+ Kc7 66. Kc5 Kc8 67. Kb6 Kb8 68. Kxa5 Ka7 69. Kb5 Ka8 70. Kb6 Kb8 71. c7+ Kc8 72. a5 1-0